[Event "Batik Memorial"]
[Site "?"]
[Date "2003.??.??"]
[Round "?"]
[White "Marczell, Peter"]
[Black "Voyna, Alexander"]
[Result "1/2-1/2"]
[WhiteElo "2596"]
[BlackElo "2618"]
[PlyCount "49"]
[EventDate "2003.??.??"]
[EventType "corr"]
[SourceDate "2004.06.03"]

1. e4 c5 2. Nf3 e6 3. d4 cxd4 4. Nxd4 a6 5. Bd3 Nf6 6. O-O Qc7 7. Qe2 d6 8. c4
Nbd7 9. Nc3 Be7 10. f4 O-O 11. Kh1 b6 12. Bd2 Bb7 13. Rae1 Rac8 14. e5 Ne8 15.
f5 Nxe5 16. fxe6 Nxd3 17. exf7+ Rxf7 18. Rxf7 Kxf7 19. Qe6+ Kf8 20. Qf5+ Kg8
21. Qxd3 Nf6 22. Nf5 Bf8 23. Ne3 Qd7 24. Rf1 Qe6 25. Ncd5 1/2-1/2

[Event "Batik Memorial"]
[Site "?"]
[Date "2003.??.??"]
[Round "?"]
[White "Michalek, Miroslav"]
[Black "Balabaev, Farit Gasisovich"]
[Result "1/2-1/2"]
[WhiteElo "2447"]
[BlackElo "2604"]
[PlyCount "84"]
[EventDate "2003.??.??"]
[EventType "corr"]
[SourceDate "2004.06.03"]

1. e4 c5 2. Nf3 Nc6 3. d4 cxd4 4. Nxd4 Nf6 5. Nc3 e5 6. Ndb5 d6 7. Bg5 a6 8.
Bxf6 gxf6 9. Na3 b5 10. Nd5 f5 11. Bd3 Be6 12. O-O Bxd5 13. exd5 Ne7 14. c3 Bg7
15. Qh5 e4 16. Bc2 O-O 17. Rae1 Qc8 18. Bb3 a5 19. Qg5 Qb7 20. f3 h6 21. Qg3 a4
22. Bc2 e3 23. f4 b4 24. Nc4 bxc3 25. bxc3 Qxd5 26. Nb6 Qxa2 27. Bb1 Qb3 28.
Nxa8 Rxa8 29. Qxe3 Nd5 30. Qf3 a3 31. Bxf5 Nb6 32. Re2 Qxc3 33. Bb1 Bd4+ 34.
Kh1 Qxf3 35. Rxf3 Nd5 36. Rd2 Re8 37. Rf1 Ne3 38. Re2 d5 39. Rc1 Bb2 40. Rc7 d4
41. Ra7 Rc8 42. Re1 Nc2 1/2-1/2

[Event "Batik Memorial"]
[Site "?"]
[Date "2003.??.??"]
[Round "?"]
[White "Michalek, Miroslav"]
[Black "Chytilek, Roman"]
[Result "0-1"]
[WhiteElo "2447"]
[BlackElo "2598"]
[PlyCount "52"]
[EventDate "2003.??.??"]
[EventType "corr"]
[SourceDate "2004.06.03"]

1. e4 e6 2. d4 d5 3. Nc3 Bb4 4. e5 c5 5. a3 Bxc3+ 6. bxc3 Qc7 7. Qg4 f5 8. Qg3
Ne7 9. Qxg7 Rg8 10. Qxh7 cxd4 11. Kd1 Bd7 12. Nf3 Ba4 13. Rb1 Nbc6 14. h4 O-O-O
15. Bg5 dxc3 16. Rh3 d4 17. Bd3 Qd7 18. Rg3 Rh8 19. Qf7 Rhf8 20. Qh7 Rfe8 21.
Bf6 Qd5 22. Qh6 Bxc2+ 23. Kxc2 Qa2+ 24. Kc1 Nd5 25. Bxd8 Ne3 26. fxe3 Nxe5 0-1

[Event "Batik Memorial"]
[Site "?"]
[Date "2003.??.??"]
[Round "?"]
[White "Michalek, Miroslav"]
[Black "Frey Beckman, Kenneth"]
[Result "1/2-1/2"]
[WhiteElo "2447"]
[BlackElo "2693"]
[PlyCount "59"]
[EventDate "2003.??.??"]
[EventType "corr"]
[SourceDate "2004.06.03"]

1. d4 d5 2. c4 e6 3. Nf3 Nf6 4. Nc3 Be7 5. Bf4 O-O 6. e3 c5 7. dxc5 Bxc5 8.
cxd5 Nxd5 9. Nxd5 exd5 10. a3 Nc6 11. Bd3 Bb6 12. O-O d4 13. e4 Bg4 14. h3 Qf6
15. Bh2 Bxf3 16. Qxf3 Qxf3 17. gxf3 Na5 18. Rad1 Rac8 19. Rfe1 Nb3 20. Bd6 Rfd8
21. e5 Nc5 22. Bxc5 Rxc5 23. f4 g6 24. Kg2 Kf8 25. f5 gxf5 26. Bxf5 f6 27. Bxh7
Rxe5 28. Rxe5 fxe5 29. Be4 Rd7 30. Kf3 1/2-1/2

[Event "Batik Memorial"]
[Site "?"]
[Date "2003.??.??"]
[Round "?"]
[White "Michalek, Miroslav"]
[Black "Maliangkay, Rudolf J"]
[Result "1/2-1/2"]
[WhiteElo "2447"]
[BlackElo "2581"]
[PlyCount "46"]
[EventDate "2003.??.??"]
[EventType "corr"]
[SourceDate "2004.06.03"]

1. e4 c5 2. Nf3 d6 3. d4 cxd4 4. Nxd4 Nf6 5. Nc3 a6 6. f3 e6 7. Be3 b5 8. g4
Nfd7 9. Qd2 Nb6 10. O-O-O N8d7 11. Ndxb5 axb5 12. Nxb5 Ba6 13. Nxd6+ Bxd6 14.
Qxd6 Nc4 15. Bxc4 Bxc4 16. a3 Qc8 17. Rd2 Ra6 18. Qb4 e5 19. Rhd1 Be6 20. Rd3
Rc6 21. R1d2 Rc4 22. Qd6 Rc6 23. Qb4 Rc4 1/2-1/2

[Event "Batik Memorial"]
[Site "?"]
[Date "2003.??.??"]
[Round "?"]
[White "Michalek, Miroslav"]
[Black "Marczell, Peter"]
[Result "1/2-1/2"]
[WhiteElo "2447"]
[BlackElo "2596"]
[PlyCount "65"]
[EventDate "2003.??.??"]
[EventType "corr"]
[SourceDate "2004.06.03"]

1. e4 e5 2. Nf3 Nc6 3. Bb5 a6 4. Ba4 Nf6 5. O-O Be7 6. Re1 b5 7. Bb3 O-O 8. c3
d6 9. h3 Bb7 10. d4 Re8 11. Ng5 Bf8 12. Nf3 Be7 13. Nbd2 Bf8 14. a4 h6 15. Bc2
Nb8 16. Bd3 c6 17. Nf1 Nbd7 18. Ng3 g6 19. Be3 Bg7 20. Qc1 Kh7 21. b4 Rc8 22.
Qb1 exd4 23. cxd4 Nb6 24. h4 Nc4 25. Bf4 Kh8 26. Qb3 Qd7 27. Rad1 Qg4 28. Bc1
Nh5 29. Nxh5 Qxh5 30. Bf4 Qg4 31. Bg3 Bf8 32. Nh2 Qe6 33. h5 1/2-1/2

[Event "Batik Memorial"]
[Site "?"]
[Date "2003.??.??"]
[Round "?"]
[White "Michalek, Miroslav"]
[Black "Nyvlt, Zdenek"]
[Result "1-0"]
[WhiteElo "2447"]
[BlackElo "2635"]
[PlyCount "89"]
[EventDate "2003.??.??"]
[EventType "corr"]
[SourceDate "2004.06.03"]

1. e4 d6 2. d4 Nf6 3. Nc3 g6 4. f4 Bg7 5. Nf3 O-O 6. Bd3 Na6 7. O-O c5 8. d5
Nc7 9. Qe1 Re8 10. Bd2 e6 11. dxe6 Bxe6 12. Ng5 d5 13. Nxe6 fxe6 14. e5 Nd7 15.
b3 Rf8 16. a4 a6 17. a5 Qe7 18. Qg3 Nb8 19. Na4 Nc6 20. Qe3 d4 21. Qe2 Nd5 22.
Be4 Rad8 23. g3 Rf7 24. h4 Bf8 25. Nb2 Rg7 26. h5 Nc3 27. Bxc3 dxc3 28. Nc4 Nd4
29. Qh2 Nf5 30. hxg6 Rxg6 31. Rf3 Rd4 32. Bxf5 exf5 33. Raf1 Qe6 34. Rxc3 Qd7
35. Re3 Kh8 36. Qe2 Qe6 37. Qf3 Rg7 38. Kf2 Rdd7 39. Rd3 Rd4 40. Rfd1 Qg6 41.
c3 Rxd3 42. Rxd3 Qe8 43. Nd6 Qe6 44. c4 Qg6 45. Nxb7 1-0

[Event "Batik Memorial"]
[Site "?"]
[Date "2003.??.??"]
[Round "?"]
[White "Michalek, Miroslav"]
[Black "Oliveira, Marcio Barbosa"]
[Result "1/2-1/2"]
[WhiteElo "2447"]
[BlackElo "2551"]
[PlyCount "87"]
[EventDate "2003.??.??"]
[EventType "corr"]
[SourceDate "2004.06.03"]

1. e4 c5 2. Nf3 Nc6 3. d4 cxd4 4. Nxd4 Nf6 5. Nc3 e5 6. Ndb5 d6 7. Bg5 a6 8.
Na3 b5 9. Bxf6 gxf6 10. Nd5 Bg7 11. Bd3 Ne7 12. Nxe7 Qxe7 13. c4 f5 14. O-O O-O
15. Qf3 Qb7 16. exf5 Qxf3 17. gxf3 e4 18. Bxe4 d5 19. f6 Bxf6 20. Bxd5 Bf5 21.
Bxa8 Rxa8 22. Rae1 Bd3 23. b3 Kh8 24. Kg2 Rg8+ 25. Kh1 Bb2 26. Nb1 Bxf1 27.
Rxf1 bxc4 28. bxc4 Rd8 29. Re1 Rd4 30. Re8+ Kg7 31. Rb8 Ba1 32. Na3 Rd2 33. c5
Be5 34. Re8 Bc7 35. Re7 Bf4 36. Re4 Bc7 37. Re7 Bb8 38. Rb7 Rxa2 39. Rxb8 Rxa3
40. Kg2 Rc3 41. Rc8 Rc4 42. Kg3 f6 43. f4 Kg6 44. f3 1/2-1/2

[Event "Batik Memorial"]
[Site "?"]
[Date "2003.??.??"]
[Round "?"]
[White "Mrkvicka, Josef"]
[Black "Costa, Carlos Evanir"]
[Result "1/2-1/2"]
[WhiteElo "2513"]
[BlackElo "2688"]
[PlyCount "60"]
[EventDate "2003.??.??"]
[EventType "corr"]
[SourceDate "2004.06.03"]

1. c4 e5 2. Nc3 Nf6 3. Nf3 Nc6 4. g3 d5 5. cxd5 Nxd5 6. Bg2 Nb6 7. O-O Be7 8.
d3 O-O 9. a3 Be6 10. b4 a5 11. b5 Nd4 12. Nd2 c6 13. bxc6 Nxc6 14. Rb1 a4 15.
Bxc6 bxc6 16. Qc2 Qc7 17. Nb5 Qd7 18. Nc3 Qc7 19. Nb5 Qb7 20. Nc3 Qa6 21. Nce4
Nd7 22. Nc4 f5 23. Ned2 Rae8 24. e4 f4 25. Kg2 Rf6 26. Bb2 Rh6 27. Kh1 fxg3 28.
fxg3 Bh3 29. Rf3 Bg4 30. Rff1 Bh3 1/2-1/2

[Event "Batik Memorial"]
[Site "?"]
[Date "2003.??.??"]
[Round "?"]
[White "Mrkvicka, Josef"]
[Black "Gilimshin, Azamat"]
[Result "1/2-1/2"]
[WhiteElo "2513"]
[BlackElo "2607"]
[PlyCount "68"]
[EventDate "2003.??.??"]
[EventType "corr"]
[SourceDate "2004.06.03"]

1. d4 d5 2. Nf3 Nf6 3. c4 c6 4. Nc3 dxc4 5. a4 Bf5 6. e3 e6 7. Bxc4 Bb4 8. O-O
Nbd7 9. Qe2 Bg6 10. e4 O-O 11. Bd3 h6 12. Bf4 Rc8 13. h3 Re8 14. Rfd1 a6 15.
Bc2 Bf8 16. a5 Bb4 17. e5 Bxc2 18. Qxc2 Nd5 19. Nxd5 cxd5 20. Qb3 Qe7 21. Bd2
Bxd2 22. Nxd2 Nb8 23. Rac1 Nc6 24. Qb6 Qc7 25. Qxc7 Rxc7 26. Rc5 Rec8 27. Rdc1
Kf8 28. R5c3 f6 29. f4 fxe5 30. fxe5 Rf7 31. Rf1 Rcc7 32. Nb3 Rxf1+ 33. Kxf1
Rf7+ 34. Ke2 Ke7 1/2-1/2

[Event "Batik Memorial"]
[Site "?"]
[Date "2003.??.??"]
[Round "?"]
[White "Mrkvicka, Josef"]
[Black "Hiltunen, Reijo"]
[Result "1/2-1/2"]
[WhiteElo "2513"]
[BlackElo "2519"]
[PlyCount "61"]
[EventDate "2003.??.??"]
[EventType "corr"]
[SourceDate "2004.06.03"]

1. e4 c5 2. Nf3 d6 3. d4 cxd4 4. Nxd4 Nf6 5. Nc3 a6 6. Be3 e5 7. Nb3 Be6 8. f3
h5 9. Qd2 Nbd7 10. O-O-O Rc8 11. Kb1 Be7 12. Nd5 Bxd5 13. exd5 Nb6 14. Bxb6
Qxb6 15. Bd3 Rc7 16. c4 Nd7 17. Rhe1 Kd8 18. Re2 g6 19. g4 hxg4 20. fxg4 Nc5
21. Nxc5 Qxc5 22. Rf1 Bh4 23. a3 Rc8 24. Re4 f6 25. b4 Qb6 26. Qc3 Bg5 27. Re2
Rh6 28. Ka2 Rb8 29. Rf3 Qg1 30. h3 b5 31. c5 1/2-1/2

[Event "Batik Memorial"]
[Site "?"]
[Date "2003.??.??"]
[Round "?"]
[White "Mrkvicka, Josef"]
[Black "Michalek, Miroslav"]
[Result "1/2-1/2"]
[WhiteElo "2513"]
[BlackElo "2447"]
[PlyCount "139"]
[EventDate "2003.??.??"]
[EventType "corr"]
[SourceDate "2004.06.03"]

1. d4 Nf6 2. c4 e6 3. Nc3 Bb4 4. Qc2 O-O 5. a3 Bxc3+ 6. Qxc3 b6 7. Bg5 Bb7 8.
e3 d6 9. f3 Nbd7 10. Bd3 c5 11. Ne2 Rc8 12. Qb3 h6 13. Bh4 d5 14. cxd5 Bxd5 15.
Qd1 cxd4 16. Nxd4 Bc4 17. O-O Bxd3 18. Qxd3 Ne5 19. Qe2 Ng6 20. Bg3 Nd5 21.
Rad1 Qe7 22. Qd2 Rfd8 23. e4 Nf6 24. Bf2 Qd7 25. Be3 Qa4 26. Qe2 Nh5 27. Rd2
Nhf4 28. Qd1 Qa5 29. g3 Nh3+ 30. Kg2 Ng5 31. Rff2 Qa6 32. a4 Ne5 33. b3 Qb7 34.
Bf4 Ng6 35. Nb5 Qa8 36. Nd6 Rb8 37. Qc1 Rd7 38. Nc4 Nxf4+ 39. gxf4 Rxd2 40.
Rxd2 Nh7 41. Nd6 Nf6 42. f5 exf5 43. Nxf5 Nxe4 44. Qb2 f6 45. Rd7 Kh8 46. Qe2
Ng5 47. h4 Qc6 48. Rxa7 Ne6 49. Qe4 Rc8 50. Re7 Qxe4 51. fxe4 Nc5 52. Rxg7 Nxb3
53. Rf7 Rc4 54. Rxf6 Rxe4 55. Rxb6 Na5 56. Rxh6+ Kg8 57. Rg6+ Kh7 58. h5 Rxa4
59. Rh6+ Kg8 60. Ra6 Kh7 61. Kg3 Ra3+ 62. Kf4 Nc4 63. Rh6+ Kg8 64. Rg6+ Kh7 65.
Rg7+ Kh8 66. Re7 Ra6 67. Kg5 Nd6 68. Nh6 Rb6 69. Ng4 Rb5+ 70. Kg6 1/2-1/2

[Event "Batik Memorial"]
[Site "?"]
[Date "2003.??.??"]
[Round "?"]
[White "Mrkvicka, Josef"]
[Black "Neumann, Joachim"]
[Result "1/2-1/2"]
[WhiteElo "2513"]
[BlackElo "2667"]
[PlyCount "100"]
[EventDate "2003.??.??"]
[EventType "corr"]
[SourceDate "2004.06.03"]

1. d4 Nf6 2. c4 e6 3. Nf3 b6 4. g3 Ba6 5. b3 Bb7 6. Bg2 Bb4+ 7. Bd2 a5 8. O-O
O-O 9. Qc2 Na6 10. Nc3 Qe7 11. Bg5 Rfe8 12. a3 Bxc3 13. Qxc3 d6 14. Rad1 e5 15.
Qd2 h6 16. Bxf6 Qxf6 17. d5 Nc5 18. Qc3 Qg6 19. Nh4 Qh5 20. b4 Nd7 21. e4 Bc8
22. f3 Nf6 23. b5 g5 24. Nf5 Bxf5 25. exf5 g4 26. Rde1 gxf3 27. Bxf3 Qg5 28.
Qe3 Qxe3+ 29. Rxe3 Kh7 30. h3 Rg8 31. Kg2 Rg5 32. Be2 Rh8 33. Bd3 Kg7 34. Re2
Rg8 35. Kh2 Kf8 36. Rf3 Ke7 37. Ref2 h5 38. Rf1 Rh8 39. Kg2 Rh6 40. Kf2 Nd7 41.
Re3 Kf6 42. Kf3 Rh8 43. Be4 Nc5 44. Bb1 Rhg8 45. Rg1 a4 46. Kf2 Nb3 47. Bd3 Nd4
48. Rf1 Re8 49. Be4 Nb3 50. Rfe1 Nc5 1/2-1/2

[Event "Batik Memorial"]
[Site "?"]
[Date "2003.??.??"]
[Round "?"]
[White "Mrkvicka, Josef"]
[Black "Ohtake, Sakae"]
[Result "1/2-1/2"]
[WhiteElo "2513"]
[BlackElo "2580"]
[PlyCount "77"]
[EventDate "2003.??.??"]
[EventType "corr"]
[SourceDate "2004.06.03"]

1. e4 c5 2. Nf3 Nc6 3. Nc3 e5 4. Bc4 Be7 5. d3 d6 6. O-O Nf6 7. Ng5 O-O 8. f4
Bg4 9. Qe1 h6 10. Nf3 Bxf3 11. gxf3 Nh5 12. fxe5 dxe5 13. Qf2 Nd4 14. Kh1 Bg5
15. Bxg5 Qxg5 16. Rg1 Qd8 17. Nd5 b5 18. c3 bxc4 19. cxd4 cxd4 20. dxc4 Rc8 21.
b3 Rc6 22. Rad1 Rg6 23. b4 Qd6 24. a3 Qe6 25. Qh4 Nf6 26. Qf2 Rc8 27. Qe2 Rxg1+
28. Rxg1 Kf8 29. Qd3 Nh7 30. a4 Ng5 31. b5 Nh3 32. Rg2 Qd6 33. Ra2 Qc5 34. a5
Nf4 35. Nxf4 exf4 36. Rc2 Kg8 37. Rb2 Qxc4 38. Qxc4 Rxc4 39. b6 1/2-1/2

[Event "Batik Memorial"]
[Site "?"]
[Date "2003.??.??"]
[Round "?"]
[White "Mrkvicka, Josef"]
[Black "Voyna, Alexander"]
[Result "1-0"]
[WhiteElo "2513"]
[BlackElo "2618"]
[PlyCount "71"]
[EventDate "2003.??.??"]
[EventType "corr"]
[SourceDate "2004.06.03"]

1. e4 c5 2. Nf3 e6 3. d4 cxd4 4. Nxd4 a6 5. Bd3 Nf6 6. O-O Qc7 7. Qe2 d6 8. c4
Nbd7 9. Nc3 b6 10. f4 Bb7 11. f5 e5 12. Nc2 Nc5 13. Bg5 Be7 14. Ne3 Nxd3 15.
Qxd3 Qc5 16. Bxf6 Bxf6 17. Kh1 Rc8 18. Rad1 O-O 19. Qe2 Rfd8 20. Ncd5 Bxd5 21.
Nxd5 h6 22. Qh5 Kf8 23. b3 b5 24. g4 bxc4 25. h4 cxb3 26. g5 Qc2 27. gxf6 Qxe4+
28. Rf3 g6 29. fxg6 Qxg6 30. Qxg6 fxg6 31. Rxb3 Rb8 32. Ne7 Rxb3 33. axb3 Ke8
34. Nc6 Rd7 35. Kg2 e4 36. Kf2 1-0

[Event "Batik Memorial"]
[Site "?"]
[Date "2003.??.??"]
[Round "?"]
[White "Neumann, Joachim"]
[Black "Chytilek, Roman"]
[Result "1/2-1/2"]
[WhiteElo "2667"]
[BlackElo "2598"]
[PlyCount "86"]
[EventDate "2003.??.??"]
[EventType "corr"]
[SourceDate "2004.06.03"]

1. e4 c5 2. Nf3 d6 3. d4 cxd4 4. Nxd4 Nf6 5. Nc3 a6 6. Be3 e5 7. Nf3 Be7 8. Bc4
O-O 9. O-O Be6 10. Qe2 b5 11. Bb3 b4 12. Nd5 Nxd5 13. exd5 Bg4 14. Qc4 Bxf3 15.
gxf3 a5 16. a3 bxa3 17. Rxa3 Nd7 18. f4 f5 19. Ba4 Bf6 20. c3 Rb8 21. Ra2 exf4
22. Bxf4 Nb6 23. Qe2 Nxa4 24. Rxa4 Re8 25. Qc2 Bg5 26. Qxf5 Bxf4 27. Rxf4 Rxb2
28. Qf7+ Kh8 29. Kh1 Rbe2 30. Rg1 R2e7 31. Qh5 Re1 32. Rxe1 Rxe1+ 33. Kg2 h6
34. Qf5 Re8 35. c4 Qe7 36. Rf3 Ra8 37. Qe6 Qd8 38. c5 dxc5 39. d6 Ra6 40. Rd3
c4 41. Rd5 c3 42. Qe4 c2 43. Re5 c1=Q 1/2-1/2

[Event "Batik Memorial"]
[Site "?"]
[Date "2003.??.??"]
[Round "?"]
[White "Neumann, Joachim"]
[Black "Costa, Carlos Evanir"]
[Result "1-0"]
[WhiteElo "2667"]
[BlackElo "2688"]
[PlyCount "107"]
[EventDate "2003.??.??"]
[EventType "corr"]
[SourceDate "2004.06.03"]

1. e4 c5 2. Nf3 d6 3. d4 cxd4 4. Nxd4 Nf6 5. Nc3 a6 6. Be3 e5 7. Nf3 Be7 8. Bc4
O-O 9. O-O Be6 10. Qe2 b5 11. Bb3 h6 12. Nh4 b4 13. Nd5 Nxd5 14. exd5 Bd7 15.
Nf3 Qc7 16. Rfc1 Bg4 17. Qc4 Qxc4 18. Bxc4 Nd7 19. a3 bxa3 20. Rxa3 Rfb8 21. b3
Nf6 22. Nd2 Bc8 23. Nb1 Bd8 24. f3 Kf8 25. Nc3 Ke7 26. Rca1 Bb7 27. Kf2 Rc8 28.
Ke2 Nd7 29. Bd2 a5 30. Nb5 Nf6 31. Bxa5 Bxd5 32. Bxd5 Rxa5 33. Rxa5 Bxa5 34.
Rxa5 Nxd5 35. Ra7+ Ke6 36. Kd2 Nf6 37. Nc7+ Kd7 38. Na6+ Ke6 39. c4 Ne8 40. Kc3
d5 41. c5 d4+ 42. Kc4 Nd6+ 43. Kd3 Nb5 44. Rb7 Ra8 45. Nb4 Nc3 46. Rb6+ Kf5 47.
c6 Rc8 48. Kc4 g5 49. Kc5 g4 50. Kd6 gxf3 51. gxf3 Kf4 52. Kd7 Ra8 53. c7 Kxf3
54. Ra6 1-0

[Event "Batik Memorial"]
[Site "?"]
[Date "2003.??.??"]
[Round "?"]
[White "Neumann, Joachim"]
[Black "Frey Beckman, Kenneth"]
[Result "1-0"]
[WhiteElo "2667"]
[BlackElo "2693"]
[PlyCount "65"]
[EventDate "2003.??.??"]
[EventType "corr"]
[SourceDate "2004.06.03"]

1. e4 e5 2. Nf3 Nc6 3. Bb5 a6 4. Ba4 Nf6 5. O-O Be7 6. Re1 b5 7. Bb3 d6 8. c3
O-O 9. h3 Re8 10. d4 Bb7 11. Nbd2 Bf8 12. d5 Nb8 13. Nf1 Nbd7 14. N3h2 Nc5 15.
Bc2 c6 16. b4 Ncd7 17. dxc6 Bxc6 18. Bg5 h6 19. Bxf6 Nxf6 20. Ng4 Nxg4 21. Qxg4
a5 22. Ne3 axb4 23. cxb4 Qg5 24. Qxg5 hxg5 25. Rec1 Rec8 26. Bd3 g6 27. a3 Kg7
28. Rc3 Bd7 29. Rac1 Rcb8 30. Nd5 Kh6 31. f3 Bg7 32. Kf2 Ra6 33. g4 1-0

[Event "Batik Memorial"]
[Site "?"]
[Date "2003.??.??"]
[Round "?"]
[White "Neumann, Joachim"]
[Black "Marczell, Peter"]
[Result "1-0"]
[WhiteElo "2667"]
[BlackElo "2596"]
[PlyCount "73"]
[EventDate "2003.??.??"]
[EventType "corr"]
[SourceDate "2004.06.03"]

1. e4 e5 2. Nf3 Nc6 3. Bb5 a6 4. Ba4 Nf6 5. O-O Be7 6. Re1 b5 7. Bb3 d6 8. c3
O-O 9. h3 Bb7 10. d4 Re8 11. Nbd2 Bf8 12. d5 Nb8 13. Nf1 Nbd7 14. N3h2 h6 15.
Ng4 Nxg4 16. Qxg4 g6 17. a4 Nc5 18. Bc2 Nxa4 19. Bxa4 bxa4 20. Rxa4 Bg7 21. b4
Kh7 22. c4 Bc8 23. Qe2 Rb8 24. Bd2 Qh4 25. Rea1 f5 26. Ng3 f4 27. Nf1 Qf6 28.
Ra5 g5 29. Nh2 Qg6 30. b5 axb5 31. Rxb5 Bd7 32. Rxb8 Rxb8 33. Ra7 Rb1+ 34. Nf1
g4 35. hxg4 Bxg4 36. f3 Bh5 37. Qd3 1-0

[Event "Batik Memorial"]
[Site "?"]
[Date "2003.??.??"]
[Round "?"]
[White "Neumann, Joachim"]
[Black "Michalek, Miroslav"]
[Result "1-0"]
[WhiteElo "2667"]
[BlackElo "2447"]
[PlyCount "93"]
[EventDate "2003.??.??"]
[EventType "corr"]
[SourceDate "2004.06.03"]

1. e4 c5 2. Nf3 Nc6 3. Nc3 Nf6 4. Bb5 Qc7 5. O-O Nd4 6. Re1 a6 7. Bf1 e5 8. Nd5
Nxd5 9. exd5 Nxf3+ 10. Qxf3 d6 11. b4 cxb4 12. d4 Be7 13. Bd2 O-O 14. Bxb4 f6
15. Bd3 g6 16. c4 Bd7 17. Qg3 Rf7 18. c5 dxc5 19. Rac1 b6 20. dxe5 fxe5 21. Bc3
Bf6 22. Bxe5 Bxe5 23. Rxe5 Kg7 24. Rce1 Qd6 25. h4 Raf8 26. h5 Rf6 27. Bxa6 b5
28. Re7+ R8f7 29. h6+ Kf8 30. Rxf7+ Kxf7 31. Qe3 Rf5 32. Bb7 Kg8 33. Qc3 Rf7
34. Re4 b4 35. Qe3 Rf8 36. Bc6 Bxc6 37. dxc6 Qd1+ 38. Kh2 Qd6+ 39. f4 Qxc6 40.
Qb3+ Rf7 41. Re7 c4 42. Qxb4 Qc8 43. Re4 c3 44. Rc4 Qf8 45. Qxf8+ Rxf8 46. Kg3
Ra8 47. Rxc3 1-0

[Event "Batik Memorial"]
[Site "?"]
[Date "2003.??.??"]
[Round "?"]
[White "Neumann, Joachim"]
[Black "Ohtake, Sakae"]
[Result "1-0"]
[WhiteElo "2667"]
[BlackElo "2580"]
[PlyCount "91"]
[EventDate "2003.??.??"]
[EventType "corr"]
[SourceDate "2004.06.03"]

1. e4 c5 2. Nf3 Nc6 3. d4 cxd4 4. Nxd4 Nf6 5. Nc3 e5 6. Ndb5 d6 7. Bg5 a6 8.
Na3 b5 9. Nd5 Be7 10. Bxf6 Bxf6 11. c3 Ne7 12. Nxf6+ gxf6 13. g3 Bb7 14. Bg2 f5
15. Qe2 Qc7 16. Nc2 fxe4 17. Bxe4 Bxe4 18. Qxe4 O-O 19. O-O-O a5 20. Kb1 d5 21.
Qe2 b4 22. Rhe1 f6 23. cxb4 axb4 24. Nxb4 Ra5 25. a3 Kh8 26. f4 e4 27. Qe3 Rb8
28. Rc1 Qd6 29. g4 Rab5 30. Red1 R8b6 31. Rc2 Kg8 32. h4 Kf7 33. h5 Ke8 34. g5
fxg5 35. fxg5 Qe5 36. Rf1 d4 37. Qc1 Kd7 38. Rf7 Re6 39. g6 hxg6 40. hxg6 d3
41. Rc4 Rxg6 42. Rc7+ Ke8 43. Rcxe7+ Qxe7 44. Rxe7+ Kxe7 45. Qc7+ Ke8 46. Nc6
1-0

[Event "Batik Memorial"]
[Site "?"]
[Date "2003.??.??"]
[Round "?"]
[White "Nyvlt, Zdenek"]
[Black "Costa, Carlos Evanir"]
[Result "1/2-1/2"]
[WhiteElo "2635"]
[BlackElo "2688"]
[PlyCount "57"]
[EventDate "2003.??.??"]
[EventType "corr"]
[SourceDate "2004.06.03"]

1. e4 c5 2. Nf3 d6 3. d4 cxd4 4. Nxd4 Nf6 5. Nc3 a6 6. Be3 e5 7. Nb3 Be6 8. Qd2
Nbd7 9. f3 Be7 10. g4 h6 11. O-O-O b5 12. Kb1 Nb6 13. Qf2 Nfd7 14. h4 Qc7 15.
Nd5 Bxd5 16. exd5 Nc4 17. Bc1 Qb6 18. Qe1 a5 19. f4 a4 20. Bxc4 bxc4 21. Nd2 c3
22. Nc4 Qc7 23. Qxc3 Rc8 24. b3 Nb6 25. fxe5 Nxc4 26. Qxc4 Qxc4 27. bxc4 Rxc4
28. g5 hxg5 29. Rhe1 1/2-1/2

[Event "Batik Memorial"]
[Site "?"]
[Date "2003.??.??"]
[Round "?"]
[White "Nyvlt, Zdenek"]
[Black "Gilimshin, Azamat"]
[Result "1-0"]
[WhiteElo "2635"]
[BlackElo "2607"]
[PlyCount "89"]
[EventDate "2003.??.??"]
[EventType "corr"]
[SourceDate "2004.06.03"]

1. Nf3 Nf6 2. g3 d5 3. Bg2 c6 4. O-O Bg4 5. d3 Nbd7 6. h3 Bh5 7. Qe1 e5 8. e4
dxe4 9. dxe4 Bc5 10. Nbd2 O-O 11. Nc4 Re8 12. a4 Qc7 13. Nh4 Rad8 14. b4 Bf8
15. g4 Bg6 16. Nxg6 hxg6 17. Be3 b6 18. Qc3 Nb8 19. Nb2 a5 20. bxa5 bxa5 21.
Nd3 Na6 22. Qc4 Nb4 23. Ne1 Qc8 24. Bb6 Rd2 25. Qc3 Qd7 26. Bxa5 c5 27. Bb6 Qd4
28. Qxd4 cxd4 29. Rb1 Nc6 30. a5 Nd7 31. Rb2 Nb4 32. Nf3 Rxc2 33. Rxc2 Nxc2 34.
Rc1 Nb4 35. Bf1 d3 36. Be3 Ra8 37. Rc7 Nf6 38. Nxe5 Nc2 39. Bxd3 Nxe3 40. Nxf7
Nd1 41. Bc4 Bb4 42. a6 Be1 43. Bb3 Bxf2+ 44. Kg2 Bb6 45. Rb7 1-0

[Event "Batik Memorial"]
[Site "?"]
[Date "2003.??.??"]
[Round "?"]
[White "Nyvlt, Zdenek"]
[Black "Hiltunen, Reijo"]
[Result "1/2-1/2"]
[WhiteElo "2635"]
[BlackElo "2519"]
[PlyCount "115"]
[EventDate "2003.??.??"]
[EventType "corr"]
[SourceDate "2004.06.03"]

1. Nf3 Nf6 2. g3 d5 3. Bg2 c6 4. O-O Bg4 5. d3 Nbd7 6. h3 Bh5 7. Qe1 e5 8. e4
dxe4 9. dxe4 Qc7 10. a4 a5 11. Nh4 Bc5 12. Nd2 O-O 13. Nb3 Bb4 14. c3 Nc5 15.
Nd2 Nd3 16. Qe3 Nxc1 17. g4 Bc5 18. Qxc5 Ne2+ 19. Kh2 Bg6 20. Nc4 Nd7 21. Qe7
Rfe8 22. Qd6 Qxd6 23. Nxd6 Red8 24. Rfd1 Nc5 25. Nc4 Rxd1 26. Rxd1 Nxa4 27.
Nxe5 Nxb2 28. Rd2 Nxc3 29. Rxb2 a4 30. Rc2 a3 31. Rxc3 a2 32. Rc1 a1=Q 33. Rxa1
Rxa1 34. f4 f6 35. Nhxg6 hxg6 36. Nxg6 Kf7 37. f5 b5 38. e5 Ra2 39. e6+ Ke8 40.
Nf4 b4 41. Kg3 Ra3+ 42. Kf2 Rc3 43. Be4 b3 44. Nd3 Rc2+ 45. Ke3 c5 46. Bc6+ Ke7
47. Ba4 Rc3 48. Kd2 Rc2+ 49. Kd1 Rc4 50. Bxb3 Rd4 51. Ke2 c4 52. Bxc4 Rxc4 53.
Ke3 Rc3 54. Ke2 Rc4 55. Kf2 Kd6 56. Kg2 Rd4 57. Nf2 g5 58. Kf3 1/2-1/2

[Event "Batik Memorial"]
[Site "?"]
[Date "2003.??.??"]
[Round "?"]
[White "Nyvlt, Zdenek"]
[Black "Mrkvicka, Josef"]
[Result "0-1"]
[WhiteElo "2635"]
[BlackElo "2513"]
[PlyCount "96"]
[EventDate "2003.??.??"]
[EventType "corr"]
[SourceDate "2004.06.03"]

1. e4 c5 2. Nf3 Nc6 3. Bb5 g6 4. Bxc6 dxc6 5. h3 Bg7 6. d3 Nf6 7. Nc3 O-O 8.
Be3 b6 9. Qd2 e5 10. Bh6 Qd6 11. O-O-O a5 12. Nh2 a4 13. Ng4 Nh5 14. Bxg7 Nxg7
15. f4 f6 16. Ne2 b5 17. g3 b4 18. Kb1 Rb8 19. Qc1 Be6 20. Rhf1 Kh8 21. Rh1 Qc7
22. fxe5 fxe5 23. Rh2 Bxg4 24. hxg4 Ne6 25. Rdh1 Rb7 26. Qe3 Qf7 27. b3 axb3
28. axb3 Qf6 29. Kb2 Ra7 30. Ra1 Rxa1 31. Kxa1 Qe7 32. Qc1 Ng5 33. Kb1 Nf3 34.
Rh1 Ra8 35. Rd1 Qd7 36. g5 Kg8 37. Qb2 Qa7 38. c3 Nxg5 39. Nc1 Nf3 40. Qa2 Qb8
41. Qb2 Qd6 42. Rf1 bxc3 43. Qxc3 Qd4 44. Qb2 Rf8 45. Rf2 Kg7 46. Rg2 h5 47.
Qe2 Rf7 48. Qb2 Ne1 0-1

[Event "Batik Memorial"]
[Site "?"]
[Date "2003.??.??"]
[Round "?"]
[White "Nyvlt, Zdenek"]
[Black "Neumann, Joachim"]
[Result "0-1"]
[WhiteElo "2635"]
[BlackElo "2667"]
[PlyCount "90"]
[EventDate "2003.??.??"]
[EventType "corr"]
[SourceDate "2004.06.03"]

1. e4 c5 2. Nf3 Nc6 3. d4 cxd4 4. Nxd4 Nf6 5. Nc3 e5 6. Ndb5 d6 7. Bg5 a6 8.
Na3 b5 9. Bxf6 gxf6 10. Nd5 Bg7 11. Bd3 Ne7 12. Nxe7 Qxe7 13. O-O O-O 14. c4 f5
15. Qh5 Rb8 16. exf5 e4 17. Rae1 Bb7 18. Qg4 Rfe8 19. cxb5 d5 20. bxa6 Bc6 21.
b3 Kh8 22. Nb1 Rg8 23. Qh3 Rb6 24. Be2 Ba8 25. Rc1 Rh6 26. f6 Qxf6 27. Qd7 Bc6
28. Rxc6 Qxc6 29. Qxc6 Rxc6 30. Rd1 Rc2 31. Kf1 d4 32. Bc4 Rxa2 33. Nd2 e3 34.
fxe3 dxe3 35. Ne4 Be5 36. Be2 Rc8 37. Bc4 Bxh2 38. Nc3 Rf2+ 39. Ke1 f5 40. Ne2
Bc7 41. Rd5 f4 42. Rc5 Rd8 43. Nc3 Bb8 44. Rg5 Rc2 45. Nd5 Bd6 0-1